| 000 | 00733cam a22002418a 4500 | ||
|---|---|---|---|
| 008 | |||
| 020 | _a0443081700(hbk.) | ||
| 049 | _aMAIN | ||
| 090 |
_aRB145 _bBAB |
||
| 100 | _aBabior, Bernard M. | ||
| 245 | 1 | 0 |
_aHematology : _ba pathophysiological approach / _cBernard M. Babior, Thomas P. Stossel. |
| 260 |
_aNew York : _bChurchill Livingstone Inc. _c1984. |
||
| 300 |
_aviii, 396 p. : _bill. ; _c26 cm. |
||
| 500 | _aIncludes index. | ||
| 650 | 0 | _aHematology. | |
| 650 | 2 |
_aHematologic Diseases _xphysiopathology. |
|
| 700 | 1 | _aStossel, Thomas P. | |
| 907 |
_a.b10290734 _b03-02-11 _c03-02-11 |
||
| 003 | |||
| 005 | 20230120204054.0 | ||
| 040 | _cNUST | ||
| 942 |
_cBOOKS _kRB145 _mBAB |
||
| 999 |
_c116607 _d116607 |
||